Základom je ekonomická a politická stabilita

Rozhovor s prezidentom Prvej Česko-Slovenskej poisťovne Dr. P. Talánom o vývoji slovenského poisťovníctva a o činnosti poisťovne. Hodnotenie situácie na trhu poistných produktov. Vzťah medzi všeobecnou ekonomickou situáciou a situáciou na trhu poistných produktov. Legislatíva určujúca pôsobenie pois...

ver descrição completa

Na minha lista:
Detalhes bibliográficos
Autor principal: Talán, P.
Outros Autores: Novosád, František
Formato: Capítulo de Livro
Idioma:eslovaco
Assuntos:
Tags: Adicionar Tag
Sem tags, seja o primeiro a adicionar uma tag!

MARC

LEADER 00000naa a2200000 4500
001 r027121
005 20230606082649.6
041 0 |a slo 
044 |a SK 
245 1 0 |a Základom je ekonomická a politická stabilita  |c P. Talán, F. Novosád 
520 |a Rozhovor s prezidentom Prvej Česko-Slovenskej poisťovne Dr. P. Talánom o vývoji slovenského poisťovníctva a o činnosti poisťovne. Hodnotenie situácie na trhu poistných produktov. Vzťah medzi všeobecnou ekonomickou situáciou a situáciou na trhu poistných produktov. Legislatíva určujúca pôsobenie poisťovní na Slovensku. Vývoj trhu poistných produktov v ČR a SR. 
610 2 0 |a Prvá Česko-Slovenská poisťovňa, a.s. Košice 
610 2 0 |a poisťovníctvo 
610 2 0 |a Slovensko 
610 2 0 |a trh poistný 
100 1 |a Talán, P. 
700 1 |a Novosád, František